Instrumental methods of chemical analysis: analytical chemistry (Record no. 165996)
[ view plain ]
| 000 -LEADER | |
|---|---|
| fixed length control field | 00725nam a2200229Ia 4500 |
| 003 - CONTROL NUMBER IDENTIFIER | |
| control field | OSt |
| 005 - DATE AND TIME OF LATEST TRANSACTION | |
| control field | 20230619150752.0 |
| 008 - FIXED-LENGTH DATA ELEMENTS--GENERAL INFORMATION | |
| fixed length control field | 210423s2013 xx 000 0 und d |
| 020 ## - INTERNATIONAL STANDARD BOOK NUMBER | |
| International Standard Book Number | 978-93-5142-088-0 |
| 040 ## - CATALOGING SOURCE | |
| Transcribing agency | AL |
| 041 ## - LANGUAGE CODE | |
| Language code of text/sound track or separate title | eng |
| 082 ## - DEWEY DECIMAL CLASSIFICATION NUMBER | |
| Classification number | 543.07 CHAI |
| 100 ## - MAIN ENTRY--PERSONAL NAME | |
| Personal name | CHATWAL (Gurdeep R);ANAND (Sham K) |
| 9 (RLIN) | 103051 |
| 245 ## - TITLE STATEMENT | |
| Title | Instrumental methods of chemical analysis: analytical chemistry |
| Statement of responsibility, etc. | ANAND (Assem);ARORA (M) |
| 260 ## - PUBLICATION, DISTRIBUTION, ETC. | |
| Place of publication, distribution, etc. | New Delhi |
| Name of publisher, distributor, etc. | Himalaya Publishing House |
| Date of publication, distribution, etc. | 2013 |
| 300 ## - PHYSICAL DESCRIPTION | |
| Extent | xiv,2.780p |
| Other physical details | PB |
| 365 ## - TRADE PRICE | |
| Price amount | 450 |
| Currency code | INR |
| 650 ## - SUBJECT ADDED ENTRY--TOPICAL TERM | |
| Topical term or geographic name entry element | Analytical Chemistry |
| 9 (RLIN) | 103052 |
| 650 ## - SUBJECT ADDED ENTRY--TOPICAL TERM | |
| Topical term or geographic name entry element | Chemistry |
| 9 (RLIN) | 103053 |
| 906 ## - LOCAL DATA ELEMENT F, LDF (RLIN) | |
| a | analysis: ; analytical ; chemical ; chemistry ; Instrumental ; methods |
| 942 ## - ADDED ENTRY ELEMENTS (KOHA) | |
| Source of classification or shelving scheme | Dewey Decimal Classification |
| Koha item type | Book |
| Withdrawn status | Lost status | Damaged status | Not for loan | Collection code | Home library | Current library | Date acquired | Source of acquisition | Cost, normal purchase price | Total Checkouts | Full call number | Barcode | Date last seen | Date last checked out | Price effective from | Koha item type | Total Renewals | Source of classification or shelving scheme |
|---|---|---|---|---|---|---|---|---|---|---|---|---|---|---|---|---|---|---|
| Analytical Chemistry | St Aloysius PG Library | St Aloysius PG Library | 11/06/2014 | Intact Bookhouse | 450.00 | 1 | 543.07 CHAI | PG012495 | 01/24/2022 | 01/24/2022 | 04/26/2021 | Book | ||||||
| Analytical Chemistry | St Aloysius PG Library | St Aloysius PG Library | 11/06/2014 | Intact Bookhouse | 450.00 | 4 | 543.07 CHAI | PG012496 | 11/03/2023 | 10/25/2023 | 04/26/2021 | Book | 1 | |||||
| Analytical Chemistry | St Aloysius PG Library | St Aloysius PG Library | 11/06/2014 | Intact Bookhouse | 450.00 | 5 | 543.07 CHAI | PG012497 | 10/13/2022 | 10/06/2022 | 04/26/2021 | Book | Dewey Decimal Classification | |||||
| Analytical Chemistry | St Aloysius PG Library | St Aloysius PG Library | 11/06/2014 | Intact Bookhouse | 450.00 | 3 | 543.07 CHAI | PG012498 | 05/17/2024 | 04/30/2024 | 04/26/2021 | Book | 1 | |||||
| Analytical Chemistry | St Aloysius PG Library | St Aloysius PG Library | 11/06/2014 | Intact Bookhouse | 450.00 | 4 | 543.07 CHAI | PG012499 | 10/14/2025 | 10/04/2025 | 04/26/2021 | Book | ||||||
| Analytical Chemistry | St Aloysius PG Library | St Aloysius PG Library | 11/06/2014 | Intact Bookhouse | 450.00 | 6 | 543.07 CHAI | PG012515 | 08/24/2022 | 07/02/2022 | 04/26/2021 | Book | 1 | |||||
| Analytical Chemistry | St Aloysius PG Library | St Aloysius PG Library | 11/06/2014 | Intact Bookhouse | 450.00 | 2 | 543.07 CHAI | PG012516 | 02/17/2022 | 01/13/2022 | 04/26/2021 | Book | ||||||
| Analytical Chemistry | St Aloysius PG Library | St Aloysius PG Library | 11/06/2014 | Intact Bookhouse | 450.00 | 1 | 543.07 CHAI | PG012517 | 10/25/2023 | 10/03/2023 | 04/26/2021 | Book | 1 |